Programa de rehabilitación del área fronteriza Guatemala
Plan para lograr la recuperación integral del área fronteriza de Honduras con El Salvador, el programa esta orientado a la rehabilitación inmediata de las regiones afectadas por el conflicto bélico El Salvador-Honduras. Comprende un estudio de las características de la zona (físicas, económicas, dem...
Uloženo v:
| Korporativní autor: | |
|---|---|
| Médium: | Text |
| Vydáno: |
Guatemala:
UNICEF
|
| Témata: | |
| Tagy: |
Přidat tag
Žádné tagy, Buďte první, kdo vytvoří štítek k tomuto záznamu!
|
MARC
| LEADER | 00000 a a2200000 04500 | ||
|---|---|---|---|
| 001 | 19772 | ||
| 003 | |||
| 040 | |||
| 090 | |a 079600 | ||
| 110 | |a Honduras. Consejo Superior de Planificación Económica | ||
| 245 | |a Programa de rehabilitación del área fronteriza Guatemala | ||
| 260 | |a Guatemala: |b UNICEF | ||
| 300 | |a 51 p. | ||
| 520 | |a Plan para lograr la recuperación integral del área fronteriza de Honduras con El Salvador, el programa esta orientado a la rehabilitación inmediata de las regiones afectadas por el conflicto bélico El Salvador-Honduras. Comprende un estudio de las características de la zona (físicas, económicas, demográficas, etc) los antecedentes del proyecto y sus objetivos a largo y corto plazo./ACM | ||
| 650 | |a HONDURAS | ||
| 650 | |a EL SALVADOR | ||
| 650 | |a PLANES NACIONALES | ||
| 650 | |a PLANES DE DESARROLLO | ||
| 650 | |a PUB. SIECA | ||
| 999 | |c 10859 |d 10859 | ||
